| 000 | 00585nam a22002057a 4500 | ||
|---|---|---|---|
| 003 | OSt | ||
| 005 | 20160330184858.0 | ||
| 008 | 160330b xxu||||| |||| 00| 0 eng d | ||
| 020 | _a0131276786. | ||
| 040 | _cDDC. | ||
| 082 | _a658GEO 2005. | ||
| 100 |
_aGeorge,M.Jennifer;Jones,R.Gareth; _97240 |
||
| 245 |
_aUnderstanding and managing ; _bOrganisational behaviour; |
||
| 250 | _a4th ed. | ||
| 260 |
_aNew jersey. _bPearson Prentice hall. _c2005. |
||
| 300 |
_axxv,656p; _bill; _c29cm |
||
| 504 | _aincludes index and references. | ||
| 650 |
_aManagement. _9364 |
||
| 942 |
_2ddc _cSLOAN |
||
| 999 |
_c3350 _d3350 |
||